Flags of the states of the USA - Statistiques

Statistiques générales
  • Ce quiz a été pris 57 fois
  • Le résultat moyen est 35 sur 51
Statistiques - réponses
Par images Réponse % Correct
Oregon
98%
Kansas
91%
Kansas
91%
California
89%
Illinois
87%
Arkansas
85%
Iowa
83%
Maine
83%
Louisiana
81%
Washington
81%
Colorado
79%
Idaho
79%
Alaska
77%
Minnesota
77%
Montana
77%
Oklahoma
77%
South Dakota
77%
Wisconsin
77%
Wyoming
77%
Indiana
74%
North Dakota
74%
Texas
74%
Utah
74%
Virginia
74%
Kentucky
72%
New York
72%
Alabama
70%
Hawaii
70%
Nevada
70%
Arizona
68%
Floride
68%
Nebraska
68%
New Mexico
68%
New Hampshire
66%
Georgia
64%
Ohio
64%
Maryland
62%
North Carolina
62%
New Jersey
60%
West Virginia
57%
South Carolina
55%
Vermont
55%
Connecticut
53%
Massachusetts
51%
Michigan
51%
Mississipi
51%
Delaware
49%
Rhode Island
47%
Missouri
45%
Tenessee
38%
Pennsylavnia
2%
Aucun quiz correspondant
Distribution des résultats
% des personnes avec chaque résultat
Percentile par nombre de réponses
Votre historique - résultats
Vous n’avez pas pris ce quiz